Philadelphia 76ers: Retired Numbers - Statistics

General Stats
  • This quiz has been taken 158 times
  • The average score is 7 of 11
Answer Stats
Number Player % Correct
3 Allen Iverson
96%
6 Julius Erving
88%
2 Moses Malone
84%
13 Wilt Chamberlain
80%
34 Charles Barkley
77%
10 Maurice Cheeks
63%
15 Hal Greer
62%
32 Billy Cunningham
52%
4 Dolph Schayes
52%
24 Bobby Jones
41%
Microphone Dave Zinkoff
9%
No matching quizzes found
Score Distribution
Percent of People with Each Score
Percentile by Number Answered
Your Score History
You have not taken this quiz